[Event "Titled Tuesday intern op 28th May Early"]
[Site "Chess.com INT"]
[Date "2024.05.28"]
[Round "4"]
[White "Atakhan, Abtin"]
[Black "Marn, Jan"]
[Result "1-0"]
[WhiteElo "2418"]
[BlackElo "2338"]
[PlyCount "73"]
[EventDate "2024.05.28"]
[EventType "swiss (blitz)"]
[EventRounds "11"]
[EventCountry "USA"]
[SourceTitle "EXT 2025"]
[Source "ChessBase"]
[SourceDate "2024.10.14"]
[SourceVersion "1"]
[SourceVersionDate "2024.10.14"]
[SourceQuality "1"]

1. c4 e6 2. Nc3 d5 3. d4 c6 4. e3 f5 5. Bd3 Nf6 6. Nge2 Bd6 7. f3 0-0 8. 0-0 Nbd7 9. cxd5 cxd5 10. Bd2 a6 11. Rc1 b5 12. Be1 Bb7 13. Bg3 Qe7 14. Qe1 Rac8 15. Bb1 g6 16. Bxd6 Qxd6 17. Nf4 Nb6 18. Nd3 Nfd7 19. b4 Nc4 20. f4 Bc6 21. Nc5 Nxc5 22. dxc5 Qe7 23. Rd1 a5 24. Ne2 Nxe3 25. a3 axb4 26. axb4 Nxd1 27. Qxd1 e5 28. fxe5 Qxe5 29. Nd4 Rfe8 30. Ba2 Kg7 31. Bb3 Qe3+ 32. Kh1 Qc3 33. h3 Qxb4 34. Qa1 Kh6 35. Nxf5+ Kg5 36. h4+ Kg4 37. Qd1+ 1-0

[Event "Titled Tuesday intern op 28th May Early"]
[Site "Chess.com INT"]
[Date "2024.05.28"]
[Round "3"]
[White "Marn, Jan"]
[Black "Chernov, Alexander A"]
[Result "1-0"]
[WhiteElo "2338"]
[BlackElo "2314"]
[PlyCount "113"]
[EventDate "2024.05.28"]
[EventType "swiss (blitz)"]
[EventRounds "11"]
[EventCountry "USA"]
[SourceTitle "EXT 2025"]
[Source "ChessBase"]
[SourceDate "2024.10.14"]
[SourceVersion "1"]
[SourceVersionDate "2024.10.14"]
[SourceQuality "1"]

1. b3 e5 2. Bb2 Nc6 3. e3 f5 4. Bb5 d6 5. d4 e4 6. d5 a6 7. Be2 Ne5 8. c4 Nf6 9. Nc3 Be7 10. Nh3 c5 11. Nf4 0-0 12. h4 Bd7 13. Ne6 Bxe6 14. dxe6 Qc8 15. Nd5 Qxe6 16. Nc7 Qf7 17. Nxa8 Rxa8 18. Bxe5 dxe5 19. Qc2 Rd8 20. Rd1 Rb8 21. Qc3 Qe6 22. h5 f4 23. h6 gxh6 24. Rxh6 Kg7 25. Rh4 Bd6 26. Qa5 Ne8 27. g3 f3 28. Bf1 Qe7 29. Rxe4 Nf6 30. Rh4 e4 31. Qb6 Be5 32. Bh3 Bc3+ 33. Kf1 Be5 34. Qe6 Qc7 35. Bf5 Re8 36. Qd7+ Nxd7 37. Rxd7+ Re7 38. Rxc7 Bxc7 39. Rxe4 Rxe4 40. Bxe4 Kf6 41. Bxf3 Ke5 42. Bxb7 a5 43. f4+ Kf5 44. Kf2 Kg4 45. Bc8+ Kh5 46. Kf3 Kg6 47. e4 Kf6 48. e5+ Ke7 49. Ke4 a4 50. bxa4 Ba5 51. f5 Be1 52. g4 Bh4 53. f6+ Kd8 54. Bf5 h6 55. Kd5 Bf2 56. a5 Kc7 57. f7 1-0

[Event "Titled Tuesday intern op 28th May Early"]
[Site "Chess.com INT"]
[Date "2024.05.28"]
[Round "1"]
[White "Persson, Richard"]
[Black "Marn, Jan"]
[Result "0-1"]
[WhiteElo "2106"]
[BlackElo "2338"]
[PlyCount "94"]
[EventDate "2024.05.28"]
[EventType "swiss (blitz)"]
[EventRounds "11"]
[EventCountry "USA"]
[SourceTitle "EXT 2025"]
[Source "ChessBase"]
[SourceDate "2024.10.14"]
[SourceVersion "1"]
[SourceVersionDate "2024.10.14"]
[SourceQuality "1"]

1. d4 d5 2. Nc3 c6 3. Bf4 Bf5 4. Qd2 e6 5. e3 Nf6 6. f3 b5 7. g4 Bg6 8. h4 h5 9. g5 Nfd7 10. Bxb5 cxb5 11. Nxb5 Na6 12. Ne2 Qb6 13. Nec3 Bb4 14. a3 Bxc3 15. Nxc3 Qxb2 16. Rb1 Qxc2 17. Qxc2 Bxc2 18. Rb7 Nb6 19. Nb5 0-0 20. Nxa7 Nc4 21. Nb5 e5 22. dxe5 Nc5 23. Rc7 Nd3+ 24. Kf1 Nxf4 25. exf4 Nxa3 26. Nxa3 Bd3+ 27. Kg2 Rxa3 28. Rd1 Rb8 29. Rd2 Bf5 30. Rc5 Rbb3 31. Rcxd5 Rxf3 32. Rd8+ Kh7 33. e6 fxe6 34. R8d7 Rxf4 35. R7d6 Rg4+ 36. Kf2 Rxh4 37. Rd8 Rf4+ 38. Kg2 Be4+ 39. Kh2 Rh4+ 40. Kg1 Rh1+ 41. Kf2 Rh2+ 42. Ke1 Ra1+ 43. Rd1 Rh1+ 44. Ke2 Rhxd1 45. Rxd1 Bf3+ 46. Kxf3 Rxd1 47. Kf4 Kg6 0-1

[Event "Titled Tuesday intern op 21st May Early"]
[Site "Chess.com INT"]
[Date "2024.05.21"]
[Round "1"]
[White "Nunez Hirales, Juan Alejandro"]
[Black "Marn, Jan"]
[Result "1-0"]
[WhiteElo "1937"]
[BlackElo "2338"]
[PlyCount "93"]
[EventDate "2024.05.21"]
[EventType "swiss (blitz)"]
[EventRounds "11"]
[EventCountry "USA"]
[SourceTitle "CBM 220 Extra"]
[Source "ChessBase"]
[SourceDate "2024.07.31"]
[SourceVersion "1"]
[SourceVersionDate "2024.07.31"]
[SourceQuality "1"]

1. d4 e6 2. Nc3 Bb4 3. Bf4 Nf6 4. e3 0-0 5. Bd3 d6 6. Nge2 Nc6 7. 0-0 e5 8. Bg5 h6 9. Bxf6 Qxf6 10. Nd5 Qd8 11. c3 Ba5 12. b4 Bb6 13. a4 a5 14. Nxb6 cxb6 15. b5 Ne7 16. Bc2 Be6 17. f4 Bg4 18. Qd3 Bf5 19. e4 Bg4 20. Ng3 exd4 21. cxd4 Bd7 22. e5 f5 23. exf6 Rxf6 24. Qh7+ Kf8 25. Nh5 Rf7 26. Bb3 d5 27. Qh8+ Ng8 28. Bxd5 Bg4 29. Bxf7 Qxd4+ 30. Kh1 Kxf7 31. Ng3 Rc8 32. Qh7 Nf6 33. Qb1 h5 34. Qa2+ Be6 35. Qf2 Rc4 36. f5 Bd5 37. Qxd4 Rxd4 38. Rad1 Rxd1 39. Rxd1 Bb3 40. Rd4 Nd5 41. Nxh5 Ne3 42. Rd7+ Ke8 43. Rxb7 Bxa4 44. Nxg7+ Kf8 45. Ne6+ Ke8 46. Ng7+ Kf8 47. Ne6+ 1-0

[Event "Titled Tuesday intern op 14th May Early"]
[Site "Chess.com INT"]
[Date "2024.05.14"]
[Round "10"]
[White "Kushko, Dmitriy"]
[Black "Marn, Jan"]
[Result "1-0"]
[WhiteElo "2445"]
[BlackElo "2342"]
[PlyCount "77"]
[EventDate "2024.05.14"]
[EventType "swiss (blitz)"]
[EventRounds "11"]
[EventCountry "USA"]
[SourceTitle "EXT 2025"]
[Source "ChessBase"]
[SourceDate "2024.10.14"]
[SourceVersion "1"]
[SourceVersionDate "2024.10.14"]
[SourceQuality "1"]

1. e4 e5 2. Nf3 Nc6 3. Bb5 a6 4. Ba4 d6 5. 0-0 Bd7 6. c3 Nge7 7. d4 Ng6 8. d5 Nb8 9. Bc2 Be7 10. c4 h6 11. Nc3 Bg5 12. b4 Qf6 13. Ne1 a5 14. bxa5 Rxa5 15. Nd3 Na6 16. Nb5 0-0 17. Bb2 Bxb5 18. Bc3 Bxc4 19. Bxa5 b6 20. Bc3 Nc5 21. Re1 Ra8 22. Nxc5 bxc5 23. Bd3 Rxa2 24. Rxa2 Bxa2 25. Qa4 c4 26. Bxc4 Bxc4 27. Qxc4 Bh4 28. g3 Bg5 29. Kg2 h5 30. Qxc7 h4 31. Qc8+ Kh7 32. Rb1 Kh6 33. Rb7 hxg3 34. hxg3 Bh4 35. Qf5 Qxf5 36. exf5 Ne7 37. gxh4 Nxd5 38. Bd2+ Kh7 39. Rxf7 1-0

[Event "Titled Tuesday intern op 14th May Early"]
[Site "Chess.com INT"]
[Date "2024.05.14"]
[Round "11"]
[White "Marn, Jan"]
[Black "Bao, Qilin"]
[Result "0-1"]
[WhiteElo "2342"]
[BlackElo "2419"]
[PlyCount "90"]
[EventDate "2024.05.14"]
[EventType "swiss (blitz)"]
[EventRounds "11"]
[EventCountry "USA"]
[SourceTitle "EXT 2025"]
[Source "ChessBase"]
[SourceDate "2024.10.14"]
[SourceVersion "1"]
[SourceVersionDate "2024.10.14"]
[SourceQuality "1"]

1. b3 d5 2. Bb2 Bf5 3. Nf3 c6 4. e3 e6 5. Be2 Nf6 6. Nh4 Bg6 7. d3 Nbd7 8. Nd2 Bd6 9. Nxg6 hxg6 10. h3 a5 11. a3 e5 12. 0-0 g5 13. e4 d4 14. Nc4 Bc7 15. Bc1 Nh7 16. a4 Ndf8 17. Bg4 Ng6 18. g3 Nhf8 19. Kg2 Ne6 20. Bxe6 fxe6 21. Qg4 Qd7 22. Bxg5 Qf7 23. f4 exf4 24. gxf4 b5 25. axb5 cxb5 26. Nd2 0-0 27. f5 Ne5 28. Qh4 Qd7 29. fxe6 Qxe6 30. Rxf8+ Rxf8 31. Rf1 Rxf1 32. Nxf1 a4 33. bxa4 bxa4 34. Bc1 Qg6+ 35. Ng3 Qc6 36. c4 Nxd3 37. Ba3 Qxc4 38. Qg4 Nf4+ 39. Kg1 Qe6 40. Nf5 g6 41. Ne7+ Kf7 42. Qxe6+ Kxe6 43. Nd5 Nxd5 44. exd5+ Kxd5 45. Kf2 Bd6 0-1

[Event "Titled Tuesday intern op 14th May Early"]
[Site "Chess.com INT"]
[Date "2024.05.14"]
[Round "7"]
[White "Marn, Jan"]
[Black "Nazari, Arad"]
[Result "1-0"]
[WhiteElo "2342"]
[BlackElo "2370"]
[PlyCount "145"]
[EventDate "2024.05.14"]
[EventType "swiss (blitz)"]
[EventRounds "11"]
[EventCountry "USA"]
[SourceTitle "EXT 2025"]
[Source "ChessBase"]
[SourceDate "2024.10.14"]
[SourceVersion "1"]
[SourceVersionDate "2024.10.14"]
[SourceQuality "1"]

1. d4 Nf6 2. Nf3 g6 3. Nbd2 c5 4. dxc5 Qa5 5. a3 Qxc5 6. b4 Qc7 7. Bb2 Bg7 8. e3 0-0 9. Be2 a5 10. c4 b6 11. 0-0 Bb7 12. Qb3 Na6 13. Nd4 Qe5 14. N2f3 Qe4 15. h3 Bc8 16. Nd2 Qh4 17. Bf3 Rb8 18. Rfd1 e5 19. Nb5 Ne8 20. Ne4 Qe7 21. Ned6 Nxd6 22. Nxd6 Rd8 23. Rd2 axb4 24. axb4 Nc7 25. Ra7 Ne8 26. Nxc8 Rbxc8 27. Qa4 e4 28. Be2 Bxb2 29. Rxb2 Qd6 30. Qa2 Nc7 31. b5 Ne6 32. Rd2 Qe7 33. Qc2 Nc5 34. Rd5 Ra8 35. Qa2 Qf8 36. Bd1 Kg7 37. Bc2 Rxa7 38. Qxa7 Ra8 39. Qxb6 Ne6 40. Qd6 Ra1+ 41. Kh2 Qxd6+ 42. Rxd6 Rc1 43. Bxe4 Rxc4 44. Bd5 Rb4 45. Rxd7 Ng5 46. f4 Ne6 47. Bxe6 Kf6 48. Bxf7 Rxb5 49. e4 g5 50. fxg5+ Kxg5 51. Bd5 Rc5 52. Rxh7 Kf4 53. Rf7+ Ke5 54. Rf5+ Kd4 55. h4 Rc7 56. h5 Rg7 57. Kh3 Ra7 58. g4 Ra1 59. Kh4 Ke3 60. Kg5 Rh1 61. h6 Rg1 62. Kh5 Rh1+ 63. Kg6 Rh4 64. g5 Kd4 65. h7 Kc5 66. Kg7 Kd6 67. h8Q Rg4 68. Qd8+ Kc5 69. Qc7+ Kd4 70. Qc4+ Ke3 71. Qc3+ Ke2 72. Bc4+ Kd1 73. Rf1# 1-0

[Event "Titled Tuesday intern op 07th May Early"]
[Site "Chess.com INT"]
[Date "2024.05.07"]
[Round "4"]
[White "Marn, Jan"]
[Black "Devaev, Alexander"]
[Result "1-0"]
[WhiteElo "2342"]
[BlackElo "2325"]
[PlyCount "111"]
[EventDate "2024.05.07"]
[EventType "swiss (blitz)"]
[EventRounds "11"]
[EventCountry "USA"]
[SourceTitle "EXT 2025"]
[Source "ChessBase"]
[SourceDate "2024.10.14"]
[SourceVersion "1"]
[SourceVersionDate "2024.10.14"]
[SourceQuality "1"]

1. e4 c6 2. d4 d5 3. Nc3 dxe4 4. Nxe4 Bf5 5. Ng5 e6 6. N1f3 Nd7 7. Bc4 h6 8. Nh3 Bxh3 9. gxh3 Ngf6 10. Rg1 Qa5+ 11. c3 Qh5 12. Ne5 Qxd1+ 13. Kxd1 Nxe5 14. dxe5 0-0-0+ 15. Kc2 Nd7 16. f4 g6 17. b4 h5 18. Be3 Kb8 19. a4 Bh6 20. Rge1 Nb6 21. Bb3 Nd5 22. Bxd5 Rxd5 23. h4 Rhd8 24. Rad1 b6 25. c4 Rxd1 26. Rxd1 Rxd1 27. Kxd1 Bf8 28. b5 Be7 29. Bf2 Kb7 30. Kc2 Bb4 31. Kd3 Kc7 32. Ke4 Bd2 33. Bg3 Kd7 34. h3 Bc3 35. Bf2 f6 36. c5 cxb5 37. axb5 Kc7 38. cxb6+ axb6 39. exf6 Bxf6 40. Bd4 Bxh4 41. Ke5 g5 42. fxg5 Bxg5 43. Kxe6 Bd2 44. Bf2 Bf4 45. Kf5 Bd2 46. Kg6 h4 47. Bxh4 Be3 48. Bg5 Bd4 49. h4 Kd6 50. h5 Kc5 51. Bf6 Be3 52. Bg5 Bd4 53. h6 Kxb5 54. Bf6 Bxf6 55. Kxf6 Kc4 56. h7 1-0

[Event "Ljubljana op"]
[Site "Ljubljana"]
[Date "2024.05.03"]
[Round "8"]
[White "Marn, Jan"]
[Black "Herega, Nejc"]
[Result "1-0"]
[WhiteElo "2341"]
[BlackElo "2187"]
[PlyCount "65"]
[EventDate "2024.04.27"]
[EventType "swiss"]
[EventRounds "9"]
[EventCountry "SLO"]
[SourceTitle "CBM 220 Extra"]
[Source "ChessBase"]
[SourceDate "2024.07.31"]
[SourceVersion "1"]
[SourceVersionDate "2024.07.31"]
[SourceQuality "1"]

1. d4 Nf6 2. c4 e6 3. Nf3 d5 4. g3 dxc4 5. Bg2 Nc6 6. 0-0 Rb8 7. e3 b5 8. b3 cxb3 9. axb3 a6 10. Qe2 Bb7 11. Bd2 Be7 12. Rc1 0-0 13. Ne1 Nb4 14. Bxb7 Rxb7 15. Bxb4 Bxb4 16. Rxa6 Bxe1 17. Qxe1 Ne4 18. Nd2 Nxd2 19. Qxd2 Qe7 20. Rc5 g6 21. b4 Rc8 22. Qc2 Qd7 23. h4 h5 24. Kg2 Qe8 25. Rac6 Qd7 26. Kg1 Ra8 27. Qe4 Ra4 28. d5 Ra1+ 29. Kg2 exd5 30. Rxd5 Qc8 31. Rxg6+ fxg6 32. Qxg6+ Kf8 33. Qf6+ 1-0

[Event "Ljubljana op"]
[Site "Ljubljana"]
[Date "2024.05.01"]
[Round "6"]
[White "Tratar, Marko"]
[Black "Marn, Jan"]
[Result "1/2-1/2"]
[WhiteElo "2379"]
[BlackElo "2341"]
[PlyCount "120"]
[EventDate "2024.04.27"]
[EventType "swiss"]
[EventRounds "9"]
[EventCountry "SLO"]
[SourceTitle "CBM 220 Extra"]
[Source "ChessBase"]
[SourceDate "2024.07.31"]
[SourceVersion "1"]
[SourceVersionDate "2024.07.31"]
[SourceQuality "1"]

1. c4 e6 2. g3 d5 3. Bg2 Nf6 4. Nf3 Bd6 5. d4 h6 6. 0-0 0-0 7. Nc3 Nc6 8. Qa4 Bd7 9. cxd5 exd5 10. Qb3 Na5 11. Qc2 Nc6 12. Qb3 Na5 13. Qc2 Re8 14. Bf4 Bxf4 15. gxf4 Nc6 16. Rad1 Ne7 17. Ne5 c6 18. e3 Nh7 19. Nxd7 Qxd7 20. Ne2 Qg4 21. Kh1 Nf6 22. Ng1 Ng6 23. Bh3 Qh5 24. Qf5 Qxf5 25. Bxf5 Nh4 26. Bd3 Ne4 27. Bxe4 Rxe4 28. Ne2 g5 29. Rd3 f6 30. Rg1 Kf7 31. Rg3 Rae8 32. fxg5 hxg5 33. Ra3 a6 34. Rb3 R4e7 35. Nc1 Kg6 36. Nd3 Kh5 37. Nc5 f5 38. Nd3 Ng6 39. Rh3+ Kg4 40. Rh6 Nh4 41. Ne5+ Rxe5 42. dxe5 Rxe5 43. f4 Re7 44. h3+ Kg3 45. fxg5 f4 46. Rxh4 Kxh4 47. exf4 d4 48. g6 c5 49. Rf3 c4 50. Kg2 d3 51. Rf2 Rd7 52. Rf1 b5 53. a3 a5 54. Kf3 b4 55. axb4 axb4 56. Ke3 c3 57. bxc3 bxc3 58. g7 Rxg7 59. Kxd3 Kxh3 60. Kxc3 Kg2 1/2-1/2

[Event "Ljubljana op"]
[Site "Ljubljana"]
[Date "2024.04.27"]
[Round "1"]
[White "Marn, Jan"]
[Black "Novakovic, Gosto"]
[Result "1-0"]
[WhiteElo "2341"]
[BlackElo "1824"]
[PlyCount "57"]
[EventDate "2024.04.27"]
[EventType "swiss"]
[EventRounds "9"]
[EventCountry "SLO"]
[SourceTitle "CBM 220 Extra"]
[Source "ChessBase"]
[SourceDate "2024.07.31"]
[SourceVersion "1"]
[SourceVersionDate "2024.07.31"]
[SourceQuality "1"]

1. d4 d5 2. c4 e6 3. Nf3 Bb4+ 4. Bd2 Bxd2+ 5. Qxd2 Nf6 6. Nc3 0-0 7. e3 a6 8. cxd5 exd5 9. Bd3 Re8 10. 0-0 Nc6 11. h3 h6 12. a3 Ne7 13. Qc2 Be6 14. Rac1 Qc8 15. Na4 c6 16. Nb6 Qb8 17. Nxa8 Qxa8 18. b4 Qc8 19. Ne5 Nf5 20. a4 Nh4 21. f4 Bxh3 22. gxh3 Qxh3 23. Qh2 Qxe3+ 24. Qf2 Qh3 25. Rce1 Ng4 26. Nxg4 Qxg4+ 27. Kh2 Rxe1 28. Rxe1 f5 29. Be2 1-0

[Event "Titled Tuesday intern op 09th Apr Early"]
[Site "Chess.com INT"]
[Date "2024.04.09"]
[Round "1"]
[White "Efimenko, Zahar"]
[Black "Marn, Jan"]
[Result "1-0"]
[WhiteElo "2565"]
[BlackElo "2341"]
[PlyCount "47"]
[EventDate "2024.04.09"]
[EventType "swiss (blitz)"]
[EventRounds "11"]
[EventCountry "USA"]
[SourceTitle "EXT 2025"]
[Source "ChessBase"]
[SourceDate "2024.10.14"]
[SourceVersion "1"]
[SourceVersionDate "2024.10.14"]
[SourceQuality "1"]

1. e4 e5 2. Nf3 Nc6 3. Bb5 a6 4. Ba4 d6 5. 0-0 Bd7 6. c4 Nge7 7. Nc3 Ng6 8. d4 Be7 9. Be3 h6 10. dxe5 Ncxe5 11. Nxe5 Nxe5 12. Bxd7+ Qxd7 13. Qe2 0-0 14. Rad1 Qc6 15. b3 Rfe8 16. Nd5 Bf8 17. Bd4 Ng6 18. f4 Kh7 19. f5 Ne5 20. Qh5 f6 21. Rfe1 Qd7 22. Re3 b5 23. Rg3 bxc4 24. Bxe5 1-0

[Event "Titled Tuesday intern op 09th Apr Early"]
[Site "Chess.com INT"]
[Date "2024.04.09"]
[Round "3"]
[White "Kiseljova, Marya"]
[Black "Marn, Jan"]
[Result "1-0"]
[WhiteElo "2031"]
[BlackElo "2341"]
[PlyCount "43"]
[EventDate "2024.04.09"]
[EventType "swiss (blitz)"]
[EventRounds "11"]
[EventCountry "USA"]
[SourceTitle "EXT 2025"]
[Source "ChessBase"]
[SourceDate "2024.10.14"]
[SourceVersion "1"]
[SourceVersionDate "2024.10.14"]
[SourceQuality "1"]

1. d4 d5 2. Nc3 Nf6 3. Bf4 g6 4. e3 Bg7 5. h4 h5 6. Nf3 0-0 7. Qd2 c5 8. Ne5 cxd4 9. exd4 Nc6 10. f3 Bf5 11. Bb5 Rc8 12. Bxc6 bxc6 13. Na4 Nd7 14. Nxd7 Qxd7 15. Nc5 Qd8 16. 0-0-0 Qb6 17. Rde1 Rfe8 18. g4 hxg4 19. fxg4 Bxg4 20. h5 gxh5 21. Reg1 e5 22. Bh6 1-0